000 00876cam a22002891 4500
001 12910
003 BD-RjUL
005 20211208235356.0
008 140129t1951 nyuaad 001 0 eng
035 _a(BD-RjUL)
035 _a(BD-RjUL)12960
040 _aDLC
_cFMU
_dOCoLC
_dDLC
_dBD-RjUL
_beng
041 _aeng
082 0 0 _a531
_216
_bCLA 1951
100 1 _aClements, Guy Roger,
_d1885-
_940239
245 0 0 _aAnalytical and applied mechanics /
_cby Guy Roger Clements and Levi Thomas Wilson.
250 _a3rd ed.
260 _aNew York :
_bMcGraw-Hill,
_cc1951.
300 _axi, 463 p. :
_bdiagrs. ;
_c24 cm.
504 _aincludes index.
650 0 _aMechanics, Analytic.
_921040
650 0 _aMechanics, Applied.
_927188
700 1 _aWilson, Levi Thomas,
_d1885-
_ejoint author.
_940240
942 _2ddc
_cBK
999 _c12910
_d12910